000 00351nam a2200109Ia 4500
008 180219s9999 xx 000 0 und d
020 _a9780702069895
100 _aWatson, David G.
245 _aPharmaceutical analysis :
_ba textbook for pharmacy students and pharmaceutical shemists
260 _aToronto :
_bElsevier
_c2017
300 _aviii, 461 pages
999 _c356013
_d356013